5 régions administratives aléatoires de la Chine sur une carte - Statistiques

Statistiques générales
  • Ce quiz a été pris 100 fois
  • Le résultat moyen est 4 sur 5
Réponses sur la Carte
Les réponses sont colorées sur une échelle allant du rouge au vert en fonction du pourcentage des utilisateurs qui les ont devinées à leur premier essai. Vous pouvez retrouver ces pourcentages ci-dessous.
 
Statistiques - réponses
ANSWER % Correct
Hainan
100%
Hebei
100%
Henan
100%
Mongolie intérieure
100%
Ningxia
100%
Pékin
100%
Qinghai
100%
Shaanxi
100%
Shanghai
100%
Shanxi
100%
Taïwan
100%
Tianjin
100%
Tibet
100%
Yunnan
100%
Guangxi
80%
Guangdong
75%
Chongqing
67%
Gansu
67%
Hong Kong
67%
Hubei
67%
Zhejiang
67%
Anhui
50%
Fujian
50%
Guizhou
50%
Heilongjiang
50%
Jiangsu
50%
Macao
50%
Shandong
50%
Jiangxi
33%
Hunan
0%
Jilin
0%
Liaoning
0%
Sichuan
0%
Xinjiang
0%
Aucun quiz correspondant
Distribution des résultats
% des personnes avec chaque résultat
Percentile par nombre de réponses
Votre historique - résultats
Vous n’avez pas pris ce quiz